Výprava Humfrida Clinkera /

Main Author: Smollett, Tobias George, 1721-1771
Other Authors: David, Josef Julius, 1871-1941
Language: Czech
Published: Praha : J. Otto, 1909
Series: Anglická knihovna
Online Access: Digitalizovaný dokument (Část 2.)
Physical Description: 2 sv.
Subscribed volumes: 1-2
LEADER 01044nam a22002892aa4500
001 001081675
003 CZ BrMZK
005 20170314160054.0
007 ta
008 100107s1909 xr er|||||||||||cze d
015 |a cnb002885106 
040 |a ABA001  |b cze  |c ABA001  |d BOA001 
041 1 |a cze  |h eng 
100 1 |a Smollett, Tobias George,  |d 1721-1771  |7 jn19990008051  |4 aut 
245 1 0 |a Výprava Humfrida Clinkera /  |c Tobias Smollett ; přeložil Jos. J. David 
260 |a Praha :  |b J. Otto,  |c 1909  |f (Unie) 
300 |a 2 sv. 
490 1 |a Anglická knihovna ;  |v sv. 35, 36 
500 |a Přeloženo z angličtiny 
505 0 |a část 1. 11, 317 s. -- část 2. 269 s. 
500 |a Dostupné též v digitální podobě v aplikaci Kramerius 
700 1 |a David, Josef Julius,  |d 1871-1941  |7 jk01022088  |4 trl 
830 0 |a Anglická knihovna  |0 s 
856 4 1 |u http://www.digitalniknihovna.cz/mzk/uuid/uuid:baf29770-4ce2-11e7-9277-005056825209  |y Digitalizovaný dokument  |z Část 2.  |x NDK 
910 |a BOA001  |b 1-0304.934  |s 1-2 
990 |a BK 
991 |b 201001